Diagnóstico de la región integral de residuos sólidos en tres cantones de la provincia de Cartago, Costa Rica
Kaydedildi:
| Yazar: | |
|---|---|
| Materyal Türü: | Kitap |
| Dil: | Spanish |
| Baskı/Yayın Bilgisi: |
2018
|
| Etiketler: |
Etiketle
Etiket eklenmemiş, İlk siz ekleyin!
|
MARC
| LEADER | 00000nam a22000007a 4500 | ||
|---|---|---|---|
| 003 | 000869 | ||
| 005 | 20230614080820.0 | ||
| 008 | 181128b2018 ec a|||| |||| 00| ||spa d | ||
| 040 | |c cru CEDI | ||
| 100 | |9 677 |a Cruz Zúñiga, Nidia, 1978- | ||
| 245 | |a Diagnóstico de la región integral de residuos sólidos en tres cantones de la provincia de Cartago, Costa Rica | ||
| 260 | |c 2018 | ||
| 300 | |a 8 hojas :ilustraciones a color | ||
| 500 | |a Ponencia presentada en el XXXVI Congreso Interamericano de Ingeniería Sanitaria y Ambiental "En vía al Desarrollo Sostenible" 28, 29, 30, 31 Octubre 2018 Guayaquil-Ecuador - Donado al Centro de Documentación e Información del Instituto de Investigaciones en Ingeniería de la Facultad de Ingeniería de la Universidad de Costa Rica | ||
| 501 | |a Título de la memoria. Libro de trabjos técnicos orales | ||
| 942 | |2 ddc |c CEDI |h 363 C957d |6 363_000000000000000_C957D | ||
| 999 | |c 21346 |d 21346 | ||
